000 00461cam a2200181ua 4500
020 _c.25
041 _ahin
_h
082 _a891.54
_bBAL/SH
100 _aBaldev Prasad, Mishra .
245 _aShishu antyakshari sangrah /
_cBaldev prasad mishra.
_hTextual Documents
250 _a1 /
_b.
260 _aVaranasi :
_bHindi Pracharak Pusthakalayam ,
_c1962.
300 _a22 ; .
365 _a.25
504 _a
942 _cBK
999 _c12508
_d12508